Deflácia ako makroekonomický problém z pohľadu rakúskej ekonomickej školy

Deflácia v ekonomickej teórii. Typy deflácie podľa rakúskej ekonomickej školy. Rastová deflácia. Deflácia spojená s rastom množstva hotovostných peňazí. Deflácia spojená s bankovými úvermi. Konfiškatórna deflácia.

Guardado en:
Detalles Bibliográficos
Autor principal: Martincová, Marta, 1955-
Formato: Capítulo de libro
Lenguaje:eslovaco
Materias:
Etiquetas: Agregar Etiqueta
Sin Etiquetas, Sea el primero en etiquetar este registro!

MARC

LEADER 00000nla a2200000 4500
001 0165740
005 20240502072904.5
041 0 |a slo 
044 |a SK 
245 1 0 |a Deflácia ako makroekonomický problém z pohľadu rakúskej ekonomickej školy  |c Marta Martincová 
520 |a Deflácia v ekonomickej teórii. Typy deflácie podľa rakúskej ekonomickej školy. Rastová deflácia. Deflácia spojená s rastom množstva hotovostných peňazí. Deflácia spojená s bankovými úvermi. Konfiškatórna deflácia. 
610 2 0 |a deflácia 
610 2 0 |a teórie ekonomické 
610 2 0 |a úver 
610 2 0 |a Rakúsko 
610 2 0 |a banky 
100 1 |a Martincová, Marta, 1955-